Fundamentos de química / (Record no. 88207)

MARC details
000 -LEADER
campo de control de longitud fija 00616nam a2200205 i 4500
001 - NÚMERO DE CONTROL
campo de control 88207
003 - IDENTIFICADOR DE NÚMERO DE CONTROL
campo de control ES-MaACL
005 - FECHA Y HORA DE LA ÚLTIMA TRANSACCIÓN
campo de control 20250723094629.0
007 - CAMPO FIJO DE DESCRIPCIÓN FÍSICA--INFORMACIÓN GENERAL
campo de control de longitud fija t|
008 - DATOS DE LONGITUD FIJA--INFORMACIÓN GENERAL
campo de control de longitud fija 050103s1974 sp ||||1| spa d
100 1# - ENTRADA PRINCIPAL--NOMBRE DE PERSONA
Nombre de persona Laidler, Keith J. (
Fechas asociadas al nombre 1916-2003)
9 (RLIN) 69666
245 10 - MENCIÓN DEL TÍTULO
Título Fundamentos de química /
Mención de responsabilidad, etc. Keith J. Laidler ; [traducción de José A. Burriel].
250 ## - MENCION DE EDICION
Mención de edición 2ª ed.
260 ## - PUBLICACIÓN, DISTRIBUCIÓN, ETC.
Lugar de publicación, distribución, etc. Madrid :
Nombre del editor, distribuidor, etc. Paraninfo,
Fecha de publicación, distribución, etc. 1974.
300 ## - DESCRIPCIÓN FÍSICA
Extensión 427 p. :
Otras características físicas il. ;
Dimensiones 22 cm.
650 07 - PUNTO DE ACCESO ADICIONAL DE MATERIA--TÉRMINO DE MATERIA
Término de materia o nombre geográfico como elemento de entrada Química
Fuente del encabezamiento o término embne
9 (RLIN) 16625
700 1# - ENTRADA AGREGADA--NOMBRE PERSONAL
Nombre de persona Burriel, José Antonio.
9 (RLIN) 32771
852 ## - LOCALIZACIÓN
Ubicación ES-MaACL
Número de control de estantería E-7049
Sublocalización o colección R.91552
Holdings
Estatus retirado Estado de pérdida Estado de daño No para préstamo Biblioteca de origen Biblioteca actual Ubicación en estantería Fecha de adquisición Fuente de adquisición Total de préstamos Signatura topográfica completa Código de barras Visto por última vez Precio de reemplazo Tipo de ítem Koha
        Biblioteca del Ateneo de Madrid Biblioteca del Ateneo de Madrid Depósito 2 17/01/2008     E-7049 1092142 23/02/2023 23/02/2023 Libro impreso